Normal view MARC view

Entry Personal Name

Number of records used in: 2

001 - CONTROL NUMBER

  • control field: 542326

003 - CONTROL NUMBER IDENTIFIER

  • control field: OSt

005 - DATE AND TIME OF LATEST TRANSACTION

  • control field: 20220930081914.0

008 - FIXED-LENGTH DATA ELEMENTS

  • fixed length control field: 220930|| aca||aabn | a|a d

040 ## - CATALOGING SOURCE

  • Original cataloging agency: OSt
  • Transcribing agency: OSt

100 ## - HEADING--PERSONAL NAME

  • Personal name: Rastogi Gaurav

670 ## - SOURCE DATA FOUND

  • Source citation: Work cat.: (OSt)872199: Rastogi Gaurav, Comparison of surgical outcomes of modified bosworth screw fixation (Plain) and supplemented with coracoacromial ligament transfer in acute complete acromioclavicular dislocations, 2010
Copyright @ Delhi University Library System